Countries on a Map of Pangea - Statistics

General Stats
  • This quiz has been taken 41 times
  • The average score is 143 of 196
Answers on the Map
Answers color-coded by a green-red scale on the quiz's map according to % correct below.
 
Answer Stats
Country % Correct
Mongolia
96%
Turkey
96%
France
92%
United States
92%
Canada
88%
China
88%
Denmark
88%
Finland
88%
Germany
88%
India
88%
Indonesia
88%
Iran
88%
Ireland
88%
Latvia
88%
Norway
88%
Poland
88%
Russia
88%
Sweden
88%
United Kingdom
88%
Afghanistan
83%
Argentina
83%
Bolivia
83%
Brazil
83%
Chile
83%
Iceland
83%
Italy
83%
Japan
83%
Lithuania
83%
Oman
83%
Peru
83%
South Korea
83%
Spain
83%
Yemen
83%
Albania
79%
Algeria
79%
Australia
79%
Belarus
79%
Belgium
79%
Colombia
79%
Cuba
79%
Egypt
79%
Estonia
79%
Greece
79%
Haiti
79%
Kazakhstan
79%
Laos
79%
Libya
79%
Malaysia
79%
Mexico
79%
Myanmar
79%
Netherlands
79%
North Korea
79%
Pakistan
79%
Portugal
79%
Serbia
79%
Thailand
79%
Ukraine
79%
United Arab Emirates
79%
Venezuela
79%
Belize
75%
Bosnia and Herzegovina
75%
Cambodia
75%
Chad
75%
Croatia
75%
Dominican Republic
75%
East Timor
75%
Ecuador
75%
Ethiopia
75%
Guatemala
75%
Guyana
75%
Iraq
75%
Israel
75%
Jamaica
75%
Jordan
75%
Kuwait
75%
Lebanon
75%
Luxembourg
75%
Morocco
75%
Nepal
75%
New Zealand
75%
Nicaragua
75%
Panama
75%
Papua New Guinea
75%
Paraguay
75%
Philippines
75%
Saudi Arabia
75%
Slovakia
75%
South Africa
75%
South Sudan
75%
Sri Lanka
75%
Sudan
75%
Suriname
75%
Switzerland
75%
Turkmenistan
75%
Uruguay
75%
Uzbekistan
75%
Vietnam
75%
Armenia
71%
Austria
71%
Bulgaria
71%
Cape Verde
71%
Central African Republic
71%
Cyprus
71%
Democratic Republic of the Congo
71%
Dominica
71%
El Salvador
71%
Eritrea
71%
Honduras
71%
Ivory Coast
71%
Kenya
71%
Kyrgyzstan
71%
Lesotho
71%
Liechtenstein
71%
Madagascar
71%
Maldives
71%
Niger
71%
Nigeria
71%
North Macedonia
71%
Qatar
71%
Seychelles
71%
Slovenia
71%
Somalia
71%
Tajikistan
71%
Tunisia
71%
Zambia
71%
Zimbabwe
71%
Angola
67%
Antigua and Barbuda
67%
Bangladesh
67%
Benin
67%
Bhutan
67%
Botswana
67%
Brunei
67%
Burundi
67%
Cameroon
67%
Costa Rica
67%
Czech Republic
67%
Djibouti
67%
Equatorial Guinea
67%
Fiji
67%
Gabon
67%
Ghana
67%
Guinea
67%
Hungary
67%
Kosovo
67%
Malawi
67%
Mali
67%
Mauritania
67%
Moldova
67%
Montenegro
67%
Mozambique
67%
Namibia
67%
Republic of the Congo
67%
Romania
67%
Rwanda
67%
Saint Kitts and Nevis
67%
Senegal
67%
Sierra Leone
67%
Syria
67%
Taiwan
67%
Tanzania
67%
Togo
67%
Uganda
67%
Andorra
63%
Bahamas
63%
Bahrain
63%
Burkina Faso
63%
Comoros
63%
Eswatini
63%
Gambia
63%
Georgia
63%
Grenada
63%
Guinea-Bissau
63%
Kiribati
63%
Liberia
63%
Mauritius
63%
Nauru
63%
Saint Lucia
63%
Saint Vincent and the Grenadines
63%
San Marino
63%
Singapore
63%
Solomon Islands
63%
Tonga
63%
Trinidad and Tobago
63%
Vanuatu
63%
Vatican City
63%
Azerbaijan
58%
Marshall Islands
58%
Monaco
58%
Samoa
58%
Tuvalu
58%
Federated States of Micronesia
54%
Malta
54%
Palau
54%
São Tomé and Príncipe
54%
Barbados
50%
No matching quizzes found
Score Distribution
Percent of People with Each Score
Percentile by Number Answered
Your Score History
You have not taken this quiz